<?xml version="1.0" encoding="UTF-8"?>
<record
    xmlns:xsi="http://www.w3.org/2001/XMLSchema-instance"
    xsi:schemaLocation="http://www.loc.gov/MARC21/slim http://www.loc.gov/standards/marcxml/schema/MARC21slim.xsd"
    xmlns="http://www.loc.gov/MARC21/slim">

  <leader>01152nam a2200289 i 4500</leader>
  <controlfield tag="001">66504</controlfield>
  <controlfield tag="003">ES-MaACL</controlfield>
  <controlfield tag="005">20250901104614.0</controlfield>
  <controlfield tag="007">t|</controlfield>
  <controlfield tag="008">901030s1988    sp           ||||0| spa d ..|</controlfield>
  <datafield tag="015" ind1=" " ind2=" ">
    <subfield code="a">1990-SEP-17707</subfield>
  </datafield>
  <datafield tag="016" ind1="7" ind2=" ">
    <subfield code="z">SAB9000094435</subfield>
  </datafield>
  <datafield tag="020" ind1=" " ind2=" ">
    <subfield code="a">84-7793-010-4</subfield>
  </datafield>
  <datafield tag="040" ind1=" " ind2=" ">
    <subfield code="a">M-BN-DP </subfield>
    <subfield code="b">spa </subfield>
    <subfield code="c">M-BN-DP</subfield>
  </datafield>
  <datafield tag="080" ind1=" " ind2=" ">
    <subfield code="a">930.253.2(460)(063)</subfield>
  </datafield>
  <datafield tag="111" ind1="2" ind2=" ">
    <subfield code="a">Congreso sobre Archivos Econ&#xF3;micos de Entidades Privadas (</subfield>
    <subfield code="n">2&#xBA;.</subfield>
    <subfield code="d">1986.</subfield>
    <subfield code="c">Madrid)</subfield>
    <subfield code="9">577</subfield>
  </datafield>
  <datafield tag="245" ind1="1" ind2="0">
    <subfield code="a">Fuentes para la historia de la banca y del comercio en Espa&#xF1;a </subfield>
    <subfield code="b">: actas del Segundo Congreso sobre Archivos Econ&#xF3;micos de Entidades Privadas, 26-27 de junio de 1986 / </subfield>
    <subfield code="c">[coordinado y organizado por] Archivo Hist&#xF3;rico del Banco de Espa&#xF1;a.</subfield>
  </datafield>
  <datafield tag="260" ind1=" " ind2=" ">
    <subfield code="a">[Madrid] : </subfield>
    <subfield code="b">Banco de Espa&#xF1;a, </subfield>
    <subfield code="c">[1988]</subfield>
  </datafield>
  <datafield tag="300" ind1=" " ind2=" ">
    <subfield code="a">245 p. ; </subfield>
    <subfield code="c">26 cm.</subfield>
  </datafield>
  <datafield tag="504" ind1=" " ind2=" ">
    <subfield code="a">Bibliograf&#xED;a.</subfield>
  </datafield>
  <datafield tag="650" ind1="1" ind2="4">
    <subfield code="a">Archivos privados-</subfield>
    <subfield code="v">Congresos y asambleas.</subfield>
    <subfield code="9">9961</subfield>
  </datafield>
  <datafield tag="650" ind1="1" ind2="4">
    <subfield code="a">Bancos-</subfield>
    <subfield code="z">Espa&#xF1;a-</subfield>
    <subfield code="x">Historia.</subfield>
    <subfield code="9">10488</subfield>
  </datafield>
  <datafield tag="650" ind1=" " ind2="4">
    <subfield code="a">Comercio-</subfield>
    <subfield code="z">Espa&#xF1;a-</subfield>
    <subfield code="v">Historia</subfield>
    <subfield code="9">11158</subfield>
  </datafield>
  <datafield tag="710" ind1="2" ind2=" ">
    <subfield code="a">Banco de Espa&#xF1;a. </subfield>
    <subfield code="b">Archivo Hist&#xF3;rico.</subfield>
    <subfield code="9">2107</subfield>
  </datafield>
  <datafield tag="852" ind1=" " ind2=" ">
    <subfield code="a">ES-MaACL</subfield>
    <subfield code="j">L-26992 </subfield>
    <subfield code="b">R.132603</subfield>
  </datafield>
  <datafield tag="999" ind1=" " ind2=" ">
    <subfield code="c">66504</subfield>
    <subfield code="d">66504</subfield>
  </datafield>
  <datafield tag="952" ind1=" " ind2=" ">
    <subfield code="0">0</subfield>
    <subfield code="1">0</subfield>
    <subfield code="2">udc</subfield>
    <subfield code="4">0</subfield>
    <subfield code="7">0</subfield>
    <subfield code="8">Biblioteca_profesional </subfield>
    <subfield code="a">ATENEOM</subfield>
    <subfield code="b">ATENEOM</subfield>
    <subfield code="c">DEPO2</subfield>
    <subfield code="d">2008-01-17</subfield>
    <subfield code="l">0</subfield>
    <subfield code="o">L-26992</subfield>
    <subfield code="p">1069666</subfield>
    <subfield code="r">2023-02-23 00:00:00</subfield>
    <subfield code="w">2023-02-23</subfield>
    <subfield code="y">MONOGRAFIA</subfield>
  </datafield>
</record>
